[Event "MCR druzstev mladsich zaku 2015"]
[Site "Hradec Kralove"]
[Date "2015.06.12"]
[Round "1.1"]
[White "Walek (BSS F-M \"C\"), Filip"]
[Black "Mica (BSS F-M \"A\"), Marek"]
[Result "0-1"]
[BlackElo "1663"]
[WhiteElo "1375"]
[LiveChessVersion "1.4.4"]

1. e4 {[%clk 0:25:18]} c5 {[%clk 0:25:15]} 2. Nf3 {[%clk 0:25:24]} Nc6
{[%clk 0:25:21]} 3. d4 {[%clk 0:25:32]} cxd4 {[%clk 0:25:28]} 4. Nxd4
{[%clk 0:25:40]} g6 {[%clk 0:25:37]} 5. Be3 {[%clk 0:25:43]} Nf6 {[%clk 0:25:39]}
6. Nc3 {[%clk 0:25:49]} Bg7 {[%clk 0:25:40]} 7. Bc4 {[%clk 0:25:15]} O-O
{[%clk 0:25:45]} 8. O-O {[%clk 0:25:21]} d6 {[%clk 0:25:45]} 9. f4
{[%clk 0:24:38]} Bd7 {[%clk 0:25:52]} 10. Kh1 {[%clk 0:24:37]} Rc8
{[%clk 0:25:58]} 11. Bb3 {[%clk 0:23:51]} Ng4 {[%clk 0:25:11]} 12. Bg1
{[%clk 0:23:45]} Nf6 {[%clk 0:24:43]} 13. Qd2 {[%clk 0:22:56]} a6
{[%clk 0:24:00]} 14. Rae1 {[%clk 0:21:20]} b5 {[%clk 0:23:30]} 15. a4
{[%clk 0:17:22]} Nxd4 {[%clk 0:22:51]} 16. Qxd4 {[%clk 0:17:20]} bxa4
{[%clk 0:22:36]} 17. Nxa4 {[%clk 0:17:12]} Bb5 {[%clk 0:22:26]} 18. c4
{[%clk 0:17:08]} Nd7 {[%clk 0:21:56]} 19. e5 {[%clk 0:15:05]} Bxa4
{[%clk 0:21:36]} 20. Bxa4 {[%clk 0:15:12]} Nc5 {[%clk 0:21:03]} 21. Bc2
{[%clk 0:14:53]} Ne6 {[%clk 0:20:48]} 22. Qe4 {[%clk 0:13:54]} dxe5
{[%clk 0:20:33]} 23. fxe5 {[%clk 0:12:20]} Qc7 {[%clk 0:20:21]} 24. Bd4
{[%clk 0:07:31]} Qxc4 {[%clk 0:19:51]} 25. Bc3 {[%clk 0:07:05]} Qc7
{[%clk 0:19:21]} 26. Bb3 {[%clk 0:04:21]} Nc5 {[%clk 0:19:00]} 27. Qc4
{[%clk 0:03:54]} Nxb3 {[%clk 0:18:50]} 28. Qxb3 {[%clk 0:03:59]} e6
{[%clk 0:18:59]} 29. Bb4 {[%clk 0:03:35]} Rb8 {[%clk 0:14:09]} 30. Qa3
{[%clk 0:01:34]} Rxb4 {[%clk 0:11:34]} 31. Qxb4 {[%clk 0:01:43]} Bxe5
{[%clk 0:11:28]} 32. Rc1 {[%clk 0:01:41]} Qa7 {[%clk 0:10:54]} 33. b3
{[%clk 0:01:20]} Bg7 {[%clk 0:10:48]} 34. Qa5 {[%clk 0:01:16]} Qb7
{[%clk 0:10:34]} 35. b4 {[%clk 0:01:21]} Rb8 {[%clk 0:09:55]} 36. Rc7
{[%clk 0:00:58]} Qxb4 {[%clk 0:09:00]} 37. Qxa6 {[%clk 0:01:02]} Rf8
{[%clk 0:08:20]} 38. Rc8 {[%clk 0:00:41]} e5 {[%clk 0:07:32]} 39. Rxf8+
{[%clk 0:00:17]} Qxf8 {[%clk 0:07:40]} 40. Re1 {[%clk 0:00:26]} Qe8
{[%clk 0:07:36]} 41. Qd6 {[%clk 0:00:23]} f5 {[%clk 0:07:15]} 42. Qd5+
{[%clk 0:00:28]} Kh8 {[%clk 0:07:12]} 43. g3 h6 {[%clk 0:07:05]} 44. Re2
{[%clk 0:00:20]} Kh7 {[%clk 0:07:07]} 45. Qb7 {[%clk 0:00:25]} e4
{[%clk 0:06:58]} 46. Qb6 {[%clk 0:00:14]} Qe5 {[%clk 0:06:52]} 47. Qe3
{[%clk 0:00:12]} h5 {[%clk 0:06:19]} 48. Kg2 {[%clk 0:00:11]} Bf6
{[%clk 0:05:47]} 49. Qa7+ {[%clk 0:00:16]} Kh6 {[%clk 0:05:52]} 50. Qe3+
{[%clk 0:00:21]} Bg5 {[%clk 0:06:01]} 51. Qf2 {[%clk 0:00:12]} f4
{[%clk 0:05:25]} 52. h4 {[%clk 0:00:13]} f3+ {[%clk 0:05:29]} 53. Kh2
{[%clk 0:00:16]} fxe2 {[%clk 0:05:33]} 54. hxg5+ {[%clk 0:00:23]} Kxg5
{[%clk 0:05:19]} 55. Qxe2 {[%clk 0:00:22]} e3 {[%clk 0:05:12]} 56. Kg2
{[%clk 0:00:28]} Qe4+ {[%clk 0:05:08]} 57. Qf3 {[%clk 0:00:21]} Qxf3+
{[%clk 0:04:53]} 58. Kxf3 {[%clk 0:00:30]} h4 {[%clk 0:05:02]} 59. gxh4+
{[%clk 0:00:34]} Kxh4 {[%clk 0:05:10]} 60. Kxe3 {[%clk 0:00:42]} Kg3
{[%clk 0:05:16]} 61. Ke4 {[%clk 0:00:46]} g5 {[%clk 0:05:24]} 62. Kf5
{[%clk 0:00:55]} g4 {[%clk 0:05:33]} 63. Kg5 {[%clk 0:01:04]} Kh3
{[%clk 0:05:41]} 64. Kf4 {[%clk 0:01:13]} g3 {[%clk 0:05:50]} 65. Kf3
{[%clk 0:01:22]} Kh2 {[%clk 0:05:59]} 66. Ke2 {[%clk 0:01:27]} g2
{[%clk 0:06:07]} 67. Kf2 {[%clk 0:01:36]} g1=Q+ {[%clk 0:06:14]} 68. Kf3
{[%clk 0:01:45]} Qd4 {[%clk 0:06:19]} 69. Ke2 {[%clk 0:01:53]} Qc3
{[%clk 0:06:28]} 70. Kf2 {[%clk 0:02:00]} Qd3 {[%clk 0:06:35]} 71. Ke1
{[%clk 0:02:08]} Qc2 {[%clk 0:06:43]} 72. Kf1 {[%clk 0:02:16]} Kg3
{[%clk 0:06:51]} 73. Ke1 {[%clk 0:02:25]} Kf3 {[%clk 0:07:00]} 74. Kf1
{[%clk 0:02:33]} Qf2# {[%clk 0:07:08]} 0-1

[Event "MCR druzstev mladsich zaku 2015"]
[Site "Hradec Kralove"]
[Date "2015.06.12"]
[Round "1.2"]
[White "Stalmach (BSS F-M \"A\"), Richard"]
[Black "Lanca (BSS F-M \"C\"), Petr David"]
[Result "1-0"]
[BlackElo "1474"]
[WhiteElo "1659"]
[LiveChessVersion "1.4.4"]

1. d4 {[%clk 0:25:16]} d5 {[%clk 0:25:19]} 2. Nf3 {[%clk 0:25:21]} Nc6
{[%clk 0:25:18]} 3. c4 {[%clk 0:25:26]} Nf6 {[%clk 0:25:02]} 4. Nc3
{[%clk 0:25:19]} e6 {[%clk 0:24:27]} 5. Bf4 {[%clk 0:24:23]} Bb4 {[%clk 0:24:14]}
6. Ne5 {[%clk 0:23:06]} Nxe5 {[%clk 0:23:11]} 7. Bxe5 {[%clk 0:23:07]} Ne4
{[%clk 0:22:17]} 8. Qa4+ {[%clk 0:22:45]} c6 {[%clk 0:21:26]} 9. Qxb4
{[%clk 0:22:32]} a5 {[%clk 0:20:51]} 10. Qa3 dxc4 {[%clk 0:20:14]} 11. Nxe4
{[%clk 0:21:47]} f6 {[%clk 0:20:12]} 12. Bg3 {[%clk 0:17:37]} Qxd4
{[%clk 0:19:17]} 13. Nd6+ {[%clk 0:17:18]} Kd7 {[%clk 0:17:44]} 14. Rd1
{[%clk 0:16:35]} Qg4 {[%clk 0:16:43]} 15. Nf5+ {[%clk 0:16:07]} Qd4 16. Qe7#
{[%clk 0:15:45]} 1-0

[Event "MCR druzstev mladsich zaku 2015"]
[Site "Hradec Kralove"]
[Date "2015.06.12"]
[Round "1.3"]
[White "Bosak (BSS F-M \"C\"), Rene"]
[Black "Gnojek (BSS F-M \"A\"), Petr"]
[Result "0-1"]
[BlackElo "1605"]
[WhiteElo "1370"]
[LiveChessVersion "1.4.4"]

1. e4 {[%clk 0:25:12]} c5 {[%clk 0:25:19]} 2. Nf3 {[%clk 0:25:20]} d6
{[%clk 0:25:22]} 3. d4 {[%clk 0:25:27]} cxd4 {[%clk 0:25:24]} 4. Nxd4
{[%clk 0:25:32]} Nf6 {[%clk 0:25:26]} 5. Nc3 {[%clk 0:25:38]} g6 {[%clk 0:25:29]}
6. Be3 {[%clk 0:25:39]} Bg7 {[%clk 0:25:34]} 7. f3 {[%clk 0:25:43]} O-O
{[%clk 0:25:37]} 8. Qd2 {[%clk 0:25:47]} Nc6 {[%clk 0:25:37]} 9. O-O-O
{[%clk 0:25:44]} Bd7 {[%clk 0:25:43]} 10. Be2 {[%clk 0:25:38]} Ne5
{[%clk 0:25:43]} 11. Kb1 {[%clk 0:25:33]} a6 {[%clk 0:25:26]} 12. f4
{[%clk 0:25:19]} Nc6 {[%clk 0:25:09]} 13. Nxc6 {[%clk 0:25:09]} Bxc6
{[%clk 0:25:09]} 14. e5 {[%clk 0:25:05]} dxe5 {[%clk 0:24:49]} 15. Qxd8
{[%clk 0:25:11]} Raxd8 {[%clk 0:24:58]} 16. Rxd8 {[%clk 0:25:20]} Rxd8
{[%clk 0:25:06]} 17. fxe5 {[%clk 0:25:28]} Nd7 {[%clk 0:25:06]} 18. e6
{[%clk 0:24:59]} fxe6 {[%clk 0:25:03]} 19. Rd1 {[%clk 0:25:03]} Rf8
{[%clk 0:24:46]} 20. Bg4 {[%clk 0:25:09]} Kf7 {[%clk 0:24:17]} 21. Rf1+
{[%clk 0:25:13]} Nf6 {[%clk 0:24:22]} 22. Ne2 {[%clk 0:24:50]} Bd7
{[%clk 0:23:58]} 23. Bh3 {[%clk 0:24:22]} Ke8 {[%clk 0:23:41]} 24. Nd4
{[%clk 0:24:11]} Nd5 {[%clk 0:22:48]} 25. Rxf8+ {[%clk 0:24:13]} Bxf8
{[%clk 0:22:48]} 26. Bd2 {[%clk 0:24:08]} Kf7 {[%clk 0:22:39]} 27. Nf3
{[%clk 0:24:07]} h6 {[%clk 0:21:18]} 28. Ne5+ {[%clk 0:24:07]} Ke8
{[%clk 0:21:23]} 29. Nxg6 {[%clk 0:24:10]} Bg7 {[%clk 0:21:14]} 30. Nh4
{[%clk 0:24:10]} Kf7 {[%clk 0:20:07]} 31. Nf3 {[%clk 0:23:49]} Bc6
{[%clk 0:19:54]} 32. c3 {[%clk 0:23:31]} e5 {[%clk 0:19:18]} 33. c4
{[%clk 0:22:40]} Nb6 {[%clk 0:18:37]} 34. b3 {[%clk 0:22:27]} Nd7
{[%clk 0:17:08]} 35. Bc3 {[%clk 0:22:13]} e4 {[%clk 0:16:14]} 36. Bxg7
{[%clk 0:21:31]} Kxg7 37. Nd4 {[%clk 0:21:24]} Ne5 {[%clk 0:13:45]} 38. Ne6+
{[%clk 0:21:10]} Kf6 {[%clk 0:13:33]} 39. Nf4 {[%clk 0:21:01]} Nd3
{[%clk 0:11:51]} 40. Nxd3 {[%clk 0:20:42]} exd3 {[%clk 0:11:53]} 41. Kc1
{[%clk 0:20:50]} Ke5 {[%clk 0:11:57]} 42. Kd2 {[%clk 0:20:52]} Kd4
{[%clk 0:12:05]} 43. Bf5 {[%clk 0:20:51]} Be4 {[%clk 0:11:30]} 44. Bh3
{[%clk 0:20:58]} e5 {[%clk 0:11:31]} 45. g3 {[%clk 0:21:00]} Bf3 {[%clk 0:11:33]}
46. Bf1 {[%clk 0:21:02]} e4 {[%clk 0:11:40]} 47. h4 {[%clk 0:21:02]} e3+
{[%clk 0:11:47]} 48. Ke1 {[%clk 0:21:09]} d2# 0-1

[Event "MCR druzstev mladsich zaku 2015"]
[Site "Hradec Kralove"]
[Date "2015.06.12"]
[Round "1.4"]
[White "Krejcok (BSS F-M \"A\"), Tobias"]
[Black "Szkandera (BSS F-M \"C\"), Ondrej"]
[Result "1-0"]
[BlackElo "1211"]
[WhiteElo "1605"]
[LiveChessVersion "1.4.4"]

1. e4 {[%clk 0:25:15]} e5 {[%clk 0:25:17]} 2. Nf3 {[%clk 0:25:22]} Nc6
{[%clk 0:25:20]} 3. d4 {[%clk 0:25:21]} exd4 {[%clk 0:25:08]} 4. Nxd4
{[%clk 0:25:18]} Nf6 {[%clk 0:25:10]} 5. Nxc6 {[%clk 0:25:20]} bxc6
{[%clk 0:25:11]} 6. e5 {[%clk 0:25:24]} Ng8 {[%clk 0:25:02]} 7. Bc4
{[%clk 0:25:17]} d6 {[%clk 0:24:54]} 8. Qf3 {[%clk 0:24:57]} d5 {[%clk 0:24:52]}
9. Bb3 {[%clk 0:24:56]} Bc5 {[%clk 0:24:33]} 10. Nc3 {[%clk 0:24:43]} Ne7
{[%clk 0:24:30]} 11. Bg5 {[%clk 0:24:19]} O-O {[%clk 0:24:25]} 12. O-O
{[%clk 0:23:58]} h6 {[%clk 0:23:30]} 13. Bh4 {[%clk 0:23:22]} Ba6
{[%clk 0:22:38]} 14. Rfe1 {[%clk 0:23:05]} Qd7 {[%clk 0:22:21]} 15. Rad1
{[%clk 0:22:13]} Ng6 {[%clk 0:22:10]} 16. Bg3 {[%clk 0:21:53]} Rfe8
{[%clk 0:21:46]} 17. Na4 {[%clk 0:20:59]} Be7 {[%clk 0:20:18]} 18. c4
{[%clk 0:20:28]} d4 {[%clk 0:19:49]} 19. c5 {[%clk 0:19:41]} Bg5 {[%clk 0:19:26]}
20. Qe4 {[%clk 0:19:07]} Kh7 {[%clk 0:13:12]} 21. f4 {[%clk 0:17:06]} f5
{[%clk 0:12:03]} 22. Qxd4 {[%clk 0:16:38]} Qxd4+ {[%clk 0:11:52]} 23. Rxd4
{[%clk 0:16:36]} Be7 {[%clk 0:11:26]} 24. Rd7 {[%clk 0:15:50]} Red8
{[%clk 0:10:32]} 25. Rxc7 {[%clk 0:15:16]} Bb5 {[%clk 0:10:18]} 26. Bf7
{[%clk 0:14:43]} Bxc5+ {[%clk 0:10:03]} 27. Nxc5 {[%clk 0:14:30]} Rd2
{[%clk 0:09:19]} 28. Ne6 {[%clk 0:13:13]} Nf8 {[%clk 0:06:40]} 29. Nxf8+
{[%clk 0:12:53]} Rxf8 {[%clk 0:06:12]} 30. e6 {[%clk 0:11:49]} c5
{[%clk 0:04:53]} 31. Rxc5 {[%clk 0:11:19]} a6 {[%clk 0:04:33]} 32. Rxf5
{[%clk 0:10:38]} Rc8 {[%clk 0:03:02]} 33. Bh5 {[%clk 0:09:36]} Bd3
{[%clk 0:00:40]} 34. Rd5 {[%clk 0:08:42]} g6 {[%clk 0:00:19]} 35. Bg4
{[%clk 0:08:36]} Re8 {[%clk 0:00:23]} 36. e7 {[%clk 0:08:34]} Bb5
{[%clk 0:00:21]} 37. Rxd2 {[%clk 0:08:41]} 1-0

[Event "MCR druzstev mladsich zaku 2015"]
[Site "Hradec Kralove"]
[Date "2015.06.12"]
[Round "1.5"]
[White "Fizer (BSS F-M \"C\"), Marek"]
[Black "Nytra (BSS F-M \"A\"), Ondrej"]
[Result "0-1"]
[BlackElo "1707"]
[WhiteElo "1190"]
[LiveChessVersion "1.4.4"]

1. e4 {[%clk 0:25:17]} e5 {[%clk 0:25:18]} 2. f4 {[%clk 0:25:23]} exf4
{[%clk 0:25:23]} 3. Nf3 {[%clk 0:25:26]} g5 {[%clk 0:25:30]} 4. h4
{[%clk 0:25:29]} g4 {[%clk 0:25:19]} 5. Ne5 {[%clk 0:25:33]} h5 {[%clk 0:22:55]}
6. d4 {[%clk 0:25:20]} d6 {[%clk 0:22:09]} 7. Nd3 {[%clk 0:24:40]} Qe7
{[%clk 0:20:27]} 8. Bxf4 {[%clk 0:24:33]} Qxe4+ {[%clk 0:20:14]} 9. Be2
{[%clk 0:24:27]} Qxg2 {[%clk 0:19:57]} 10. Rf1 {[%clk 0:24:21]} Be7
{[%clk 0:18:35]} 11. Nc3 {[%clk 0:24:09]} Bxh4+ {[%clk 0:18:16]} 12. Kd2
{[%clk 0:24:07]} Qc6 {[%clk 0:16:49]} 13. d5 {[%clk 0:23:53]} Qd7
{[%clk 0:16:09]} 14. Nf2 {[%clk 0:23:18]} Qe7 {[%clk 0:13:47]} 15. Re1
{[%clk 0:23:14]} Kf8 {[%clk 0:11:52]} 16. Bb5 {[%clk 0:23:16]} Qf6
{[%clk 0:11:42]} 17. Re8+ {[%clk 0:23:14]} Kg7 {[%clk 0:11:43]} 18. Nd3
{[%clk 0:22:08]} Bf5 {[%clk 0:10:53]} 19. Kc1 {[%clk 0:21:50]} Bxd3
{[%clk 0:10:37]} 20. Be3 {[%clk 0:21:11]} Qf1 {[%clk 0:08:08]} 21. Bxd3
{[%clk 0:20:26]} Qxd1+ {[%clk 0:08:11]} 22. Nxd1 {[%clk 0:20:29]} Nf6
{[%clk 0:08:19]} 23. Rxh8 {[%clk 0:20:12]} Kxh8 {[%clk 0:08:28]} 24. Nc3
{[%clk 0:20:04]} g3 {[%clk 0:08:24]} 25. Bh6 {[%clk 0:19:11]} Nbd7
{[%clk 0:08:12]} 26. Kd2 {[%clk 0:19:05]} Ne5 {[%clk 0:08:15]} 27. Bf5
{[%clk 0:18:01]} g2 {[%clk 0:08:05]} 28. Ne2 {[%clk 0:17:25]} Nxd5
{[%clk 0:07:58]} 29. Be4 {[%clk 0:17:12]} Ne7 {[%clk 0:07:08]} 30. Bxg2
{[%clk 0:16:49]} Nf5 {[%clk 0:07:14]} 31. Bxb7 {[%clk 0:16:06]} Rb8
{[%clk 0:07:12]} 32. Bd5 {[%clk 0:13:34]} Nxh6 {[%clk 0:07:18]} 33. b3
{[%clk 0:13:15]} Bg5+ {[%clk 0:07:10]} 34. Kc3 {[%clk 0:12:54]} Bf6
{[%clk 0:06:33]} 35. Kd2 {[%clk 0:12:54]} Nc4+ {[%clk 0:06:25]} 36. Bxc4
{[%clk 0:12:47]} Bxa1 {[%clk 0:06:32]} 37. c3 {[%clk 0:12:51]} Bb2
{[%clk 0:06:31]} 38. b4 {[%clk 0:12:48]} c5 {[%clk 0:06:12]} 39. Kc2
{[%clk 0:12:50]} Ba3 {[%clk 0:06:15]} 40. Kb3 {[%clk 0:12:54]} cxb4
{[%clk 0:06:24]} 41. cxb4 {[%clk 0:12:40]} Bxb4 {[%clk 0:06:27]} 42. Kc2
{[%clk 0:12:44]} Rc8 {[%clk 0:06:24]} 43. Kd3 {[%clk 0:12:47]} Kg7
{[%clk 0:06:05]} 44. Nf4 {[%clk 0:12:41]} Rc5 {[%clk 0:06:02]} 45. Kd4
{[%clk 0:11:44]} Nf5+ {[%clk 0:05:52]} 46. Kd3 {[%clk 0:11:48]} Ng3
{[%clk 0:05:40]} 47. Kd4 {[%clk 0:11:47]} h4 {[%clk 0:05:12]} 48. Nd3
{[%clk 0:11:40]} Nf5+ {[%clk 0:05:10]} 49. Ke4 {[%clk 0:11:36]} Rxc4+
{[%clk 0:05:09]} 50. Kxf5 {[%clk 0:11:40]} h3 {[%clk 0:05:17]} 51. Nf2
{[%clk 0:11:45]} h2 {[%clk 0:05:22]} 52. Nh1 {[%clk 0:11:49]} Bc5
{[%clk 0:05:25]} 53. Kg5 {[%clk 0:11:50]} f6+ {[%clk 0:05:07]} 54. Kf5
{[%clk 0:11:57]} Kf7 {[%clk 0:05:10]} 55. Ng3 {[%clk 0:11:56]} Be3
{[%clk 0:05:15]} 56. Nh1 {[%clk 0:11:42]} Rf4# 0-1

[Event "MCR druzstev mladsich zaku 2015"]
[Site "Hradec Kralove"]
[Date "2015.06.12"]
[Round "1.6"]
[White "Laurincova (BSS F-M \"A\"), Kristyna"]
[Black "Dudova (BSS F-M \"C\"), Pavlina"]
[Result "1-0"]
[BlackElo "1422"]
[WhiteElo "1657"]
[LiveChessVersion "1.4.4"]

1. e4 {[%clk 0:25:19]} e5 {[%clk 0:25:19]} 2. Nf3 {[%clk 0:25:28]} Nc6
{[%clk 0:25:27]} 3. d4 {[%clk 0:25:37]} exd4 {[%clk 0:25:35]} 4. Nxd4
{[%clk 0:25:45]} Nf6 {[%clk 0:25:44]} 5. Nc3 {[%clk 0:25:53]} Bb4
{[%clk 0:25:52]} 6. Nxc6 {[%clk 0:25:56]} bxc6 {[%clk 0:26:01]} 7. Bd3
{[%clk 0:26:03]} d5 {[%clk 0:25:19]} 8. exd5 {[%clk 0:26:10]} cxd5
{[%clk 0:25:27]} 9. O-O {[%clk 0:26:17]} O-O {[%clk 0:25:34]} 10. Bg5
{[%clk 0:25:48]} c6 {[%clk 0:25:38]} 11. h3 {[%clk 0:25:17]} h6 {[%clk 0:25:06]}
12. Bd2 {[%clk 0:22:05]} Be6 {[%clk 0:23:56]} 13. Ne2 {[%clk 0:20:10]} Bc5
{[%clk 0:23:45]} 14. Nf4 {[%clk 0:18:50]} Qb6 {[%clk 0:22:00]} 15. Rb1
{[%clk 0:16:37]} Rfe8 {[%clk 0:21:08]} 16. Nh5 {[%clk 0:14:54]} Bd4
{[%clk 0:19:44]} 17. c3 {[%clk 0:14:34]} Be5 {[%clk 0:19:19]} 18. Re1
{[%clk 0:13:55]} Nxh5 {[%clk 0:18:47]} 19. Qxh5 Bf6 {[%clk 0:18:52]} 20. Re3
{[%clk 0:13:13]} d4 {[%clk 0:17:35]} 21. Rg3 {[%clk 0:12:26]} dxc3
{[%clk 0:16:52]} 22. bxc3 {[%clk 0:09:05]} Qc7 {[%clk 0:15:47]} 23. Qxh6
{[%clk 0:08:38]} g6 {[%clk 0:15:15]} 24. Bf4 {[%clk 0:06:27]} Qe7
{[%clk 0:14:47]} 25. Bg5 {[%clk 0:05:19]} Bxg5 {[%clk 0:14:19]} 26. Rxg5
{[%clk 0:05:26]} Qf8 {[%clk 0:13:54]} 27. Qh5 Red8 {[%clk 0:11:38]} 28. Bxg6
{[%clk 0:04:33]} fxg6 {[%clk 0:11:26]} 29. Qxg6+ {[%clk 0:04:40]} Qg7
{[%clk 0:11:30]} 30. Qxg7# 1-0

[Event "MCR druzstev mladsich zaku 2015"]
[Site "Hradec Kralove"]
[Date "2015.06.12"]
[Round "1.7"]
[White "Ocko (Interchess), Dominik"]
[Black "Oplustil (Stare Mesto), Pavel"]
[Result "1-0"]
[BlackElo "1359"]
[WhiteElo "1677"]
[LiveChessVersion "1.4.4"]

1. d4 {[%clk 0:25:17]} d5 {[%clk 0:25:18]} 2. Nc3 {[%clk 0:25:24]} e6
{[%clk 0:25:24]} 3. Nf3 {[%clk 0:25:18]} Nf6 {[%clk 0:25:22]} 4. Bg5
{[%clk 0:25:22]} Nbd7 {[%clk 0:24:53]} 5. e4 {[%clk 0:24:37]} c6 {[%clk 0:23:59]}
6. e5 {[%clk 0:24:38]} h6 {[%clk 0:23:48]} 7. Bh4 {[%clk 0:24:04]} g5
{[%clk 0:21:19]} 8. Nxg5 {[%clk 0:21:31]} hxg5 {[%clk 0:21:19]} 9. Bxg5
{[%clk 0:21:40]} Bh6 {[%clk 0:20:51]} 10. Bxh6 {[%clk 0:21:24]} Rxh6
{[%clk 0:20:40]} 11. exf6 {[%clk 0:21:23]} Nxf6 {[%clk 0:20:48]} 12. Qd2
{[%clk 0:21:14]} Rh8 {[%clk 0:20:37]} 13. O-O-O {[%clk 0:20:58]} Qe7
{[%clk 0:20:34]} 14. Re1 {[%clk 0:19:05]} Bd7 {[%clk 0:20:25]} 15. Bd3
{[%clk 0:17:41]} O-O-O {[%clk 0:20:12]} 16. Na4 {[%clk 0:16:59]} Rhg8
{[%clk 0:18:34]} 17. f3 {[%clk 0:16:07]} Rh8 {[%clk 0:16:55]} 18. Nc5
{[%clk 0:15:39]} b6 {[%clk 0:16:34]} 19. Ba6+ {[%clk 0:13:54]} Kc7
{[%clk 0:15:27]} 20. Qf4+ {[%clk 0:12:42]} e5 {[%clk 0:14:43]} 21. Rxe5
{[%clk 0:12:00]} Qd6 {[%clk 0:14:44]} 22. Nb7 {[%clk 0:11:35]} Nh5
{[%clk 0:14:29]} 23. Qe3 {[%clk 0:10:16]} Qf6 {[%clk 0:13:05]} 24. Nxd8
{[%clk 0:08:50]} Rxd8 {[%clk 0:13:04]} 25. Rxh5 {[%clk 0:08:01]} b5
{[%clk 0:13:12]} 26. Bxb5 {[%clk 0:06:23]} cxb5 {[%clk 0:13:08]} 27. Rxd5
{[%clk 0:05:16]} Re8 {[%clk 0:13:11]} 28. Re5 {[%clk 0:04:28]} Rc8
{[%clk 0:12:18]} 29. Rc5+ {[%clk 0:04:04]} Kd8 {[%clk 0:12:25]} 30. Qg5
{[%clk 0:03:18]} Qxg5+ {[%clk 0:12:09]} 31. Rxg5 {[%clk 0:03:25]} b4
{[%clk 0:12:18]} 32. Rg8+ {[%clk 0:03:23]} Be8 {[%clk 0:12:25]} 33. Re1
{[%clk 0:03:27]} Kd7 {[%clk 0:12:32]} 34. Rgxe8 {[%clk 0:03:06]} Rxe8
{[%clk 0:12:40]} 35. Rxe8 {[%clk 0:03:16]} Kxe8 {[%clk 0:12:49]} 36. Kd2
{[%clk 0:03:25]} Ke7 {[%clk 0:12:57]} 37. Kd3 {[%clk 0:03:35]} Ke6
{[%clk 0:13:06]} 38. Kc4 {[%clk 0:03:44]} Kd6 {[%clk 0:13:15]} 39. Kxb4
{[%clk 0:03:52]} Kd5 {[%clk 0:13:24]} 40. c4+ {[%clk 0:03:58]} Kxd4
{[%clk 0:13:14]} 41. c5 {[%clk 0:04:02]} Kd5 {[%clk 0:13:23]} 42. Kb5
{[%clk 0:04:10]} Ke6 {[%clk 0:13:30]} 43. Kc6 {[%clk 0:04:16]} Ke5
{[%clk 0:13:19]} 44. Kb7 {[%clk 0:04:23]} Kd5 {[%clk 0:13:28]} 45. c6 1-0

[Event "MCR druzstev mladsich zaku 2015"]
[Site "Hradec Kralove"]
[Date "2015.06.12"]
[Round "1.8"]
[White "Machacek (Stare Mesto), Lukas"]
[Black "Demko (Interchess), Robert"]
[Result "0-1"]
[BlackElo "1888"]
[WhiteElo "1429"]
[LiveChessVersion "1.4.4"]

1. e4 c5 {[%clk 0:25:12]} 2. Nf3 {[%clk 0:25:29]} d6 {[%clk 0:25:21]} 3. d4
{[%clk 0:25:38]} cxd4 {[%clk 0:25:30]} 4. Nxd4 {[%clk 0:25:46]} Nf6
{[%clk 0:25:38]} 5. Nc3 {[%clk 0:25:55]} a6 {[%clk 0:25:47]} 6. Be3
{[%clk 0:25:49]} e5 {[%clk 0:25:56]} 7. Nf3 {[%clk 0:24:52]} Be7 {[%clk 0:26:00]}
8. Qd2 {[%clk 0:24:51]} Be6 {[%clk 0:26:04]} 9. O-O-O {[%clk 0:24:31]} O-O
{[%clk 0:26:06]} 10. Be2 {[%clk 0:23:35]} Nbd7 {[%clk 0:26:10]} 11. h3
{[%clk 0:22:09]} b5 {[%clk 0:25:42]} 12. a3 {[%clk 0:21:56]} Nb6 {[%clk 0:21:20]}
13. Bd3 {[%clk 0:18:05]} Nc4 {[%clk 0:20:23]} 14. Bxc4 {[%clk 0:18:00]} bxc4 15.
g4 {[%clk 0:17:49]} Qc7 {[%clk 0:19:58]} 16. g5 {[%clk 0:15:59]} Nh5
{[%clk 0:19:59]} 17. Nd5 {[%clk 0:14:53]} Bxd5 {[%clk 0:18:51]} 18. Qxd5
{[%clk 0:14:48]} Rab8 {[%clk 0:18:02]} 19. Rhg1 {[%clk 0:08:43]} Rb5
{[%clk 0:17:57]} 20. Qd2 {[%clk 0:08:40]} Rfb8 {[%clk 0:17:32]} 21. Qc3
{[%clk 0:01:20]} Rxb2 {[%clk 0:16:55]} 22. Qxb2 {[%clk 0:00:26]} Rxb2
{[%clk 0:17:03]} 23. Kxb2 {[%clk 0:00:35]} Qb7+ {[%clk 0:17:11]} 24. Kc3
{[%clk 0:00:44]} Qxe4 {[%clk 0:17:18]} 25. Nd2 {[%clk 0:00:30]} Qc6
{[%clk 0:16:32]} 26. Rb1 {[%clk 0:00:17]} g6 {[%clk 0:16:30]} 27. Rb2
{[%clk 0:00:18]} d5 {[%clk 0:16:35]} 28. Nf3 {[%clk 0:00:17]} d4+
{[%clk 0:16:33]} 29. Bxd4 {[%clk 0:00:24]} Qxf3+ {[%clk 0:16:20]} 30. Be3
{[%clk 0:00:23]} Bxa3 {[%clk 0:16:11]} 31. Rb8+ {[%clk 0:00:31]} Kg7
{[%clk 0:16:16]} 32. Kxc4 {[%clk 0:00:34]} Qe4+ {[%clk 0:16:20]} 33. Kc3
{[%clk 0:00:41]} a5 {[%clk 0:16:20]} 34. Rd1 {[%clk 0:00:35]} Nf4
{[%clk 0:15:39]} 35. Rdd8 {[%clk 0:00:25]} Nd5+ {[%clk 0:13:54]} 36. Kb3
{[%clk 0:00:14]} Ne7 {[%clk 0:09:30]} 37. Kxa3 {[%clk 0:00:17]} Qxc2
{[%clk 0:09:25]} 38. Re8 {[%clk 0:00:00]} 0-1

[Event "MCR druzstev mladsich zaku 2015"]
[Site "Hradec Kralove"]
[Date "2015.06.12"]
[Round "1.9"]
[White "Szotkowski (Interchess), David"]
[Black "Vsetulova (Stare Mesto), Viktorie"]
[Result "1-0"]
[BlackElo "1386"]
[WhiteElo "1726"]
[LiveChessVersion "1.4.4"]

1. Nf3 {[%clk 0:25:17]} d5 {[%clk 0:25:19]} 2. d4 {[%clk 0:25:25]} e6
{[%clk 0:25:27]} 3. c4 {[%clk 0:25:29]} Nf6 {[%clk 0:25:34]} 4. Nc3 Be7
{[%clk 0:25:42]} 5. Bf4 {[%clk 0:25:32]} O-O {[%clk 0:25:21]} 6. e3
{[%clk 0:25:36]} Nbd7 {[%clk 0:25:16]} 7. Bd3 {[%clk 0:25:36]} dxc4
{[%clk 0:25:19]} 8. Bxc4 {[%clk 0:25:43]} c5 {[%clk 0:25:10]} 9. O-O cxd4
{[%clk 0:25:16]} 10. Nxd4 {[%clk 0:25:43]} a6 {[%clk 0:24:55]} 11. Qc2
{[%clk 0:25:42]} e5 {[%clk 0:24:13]} 12. Ne6 {[%clk 0:19:41]} fxe6
{[%clk 0:23:38]} 13. Bxe6+ {[%clk 0:19:48]} Kh8 {[%clk 0:23:43]} 14. Bg3
{[%clk 0:19:31]} b5 {[%clk 0:19:04]} 15. Rfd1 {[%clk 0:18:19]} Bb7
{[%clk 0:15:53]} 16. Bxe5 {[%clk 0:17:27]} Qb6 {[%clk 0:13:57]} 17. Bxd7
{[%clk 0:16:51]} Nxd7 {[%clk 0:13:32]} 18. Rxd7 {[%clk 0:16:38]} Qc6
{[%clk 0:13:34]} 19. Bxg7+ {[%clk 0:12:44]} Kxg7 {[%clk 0:09:16]} 20. Rxe7+
{[%clk 0:12:48]} Rf7 {[%clk 0:09:23]} 21. Rxf7+ {[%clk 0:12:49]} Kxf7
{[%clk 0:09:24]} 22. Qxh7+ {[%clk 0:12:45]} Ke8 {[%clk 0:09:15]} 23. Qg8+
{[%clk 0:12:06]} Ke7 {[%clk 0:09:07]} 24. Qg7+ {[%clk 0:11:59]} Ke8
{[%clk 0:07:23]} 25. Rd1 {[%clk 0:11:16]} Rc8 {[%clk 0:04:11]} 26. f3
{[%clk 0:09:47]} Rc7 {[%clk 0:02:45]} 27. Qg8+ {[%clk 0:09:35]} Ke7
{[%clk 0:02:49]} 28. Qd8+ {[%clk 0:09:23]} Kf7 {[%clk 0:02:24]} 29. Rd6
{[%clk 0:08:19]} Re7 {[%clk 0:01:21]} 30. Rxc6 {[%clk 0:08:16]} Bxc6
{[%clk 0:01:24]} 31. Nd5 {[%clk 0:07:29]} Rd7 {[%clk 0:00:45]} 32. Qf6+
{[%clk 0:07:33]} Kg8 {[%clk 0:00:48]} 33. Ne7+ {[%clk 0:07:31]} Kh8
{[%clk 0:00:54]} 34. Qf8+ {[%clk 0:07:31]} Kh7 {[%clk 0:01:00]} 35. Qg8+
{[%clk 0:07:38]} Kh6 {[%clk 0:01:07]} 36. Qg6# {[%clk 0:07:47]} 1-0